Einleitung in die Algebra und die Theorie der algebraischen Gleichungen /

Guardado en:
Autor Principal: Nevanlinna, F. 1894-
Formato: Libro
Idioma:German
Publicado: Basel : Birkhäuser, 1965.
Series:Mathematische Reihe ; Bd. 29
Etiquetas: Agregar Etiqueta
Sin Etiquetas, Sea el primero en etiquetar este registro!
LEADER 00539nam a22001575a 4500
001 MAT.inmabb001429
008 031124s1965####sz############000#0#ger#d
005 20180502184001.0
245 1 0 |a Einleitung in die Algebra und die Theorie der algebraischen Gleichungen /  |c von F. Nevanlinna. 
260 |a Basel :  |b Birkhäuser,  |c 1965. 
300 |a 218 p. ;  |c 25 cm. 
440 0 |a Mathematische Reihe ;  |v Bd. 29 
510 4 |a MR,  |c 33 #120 
100 1 |a Nevanlinna, F.  |q (Frithiof),  |d 1894- 
084 |a 00.00 (12.00)  |2 MR 
859 |h 00A05A  |i N499  |p A-1696  |b BIB. MATEMATICA